000 00619nam a22002417a 4500
003 UA-OsUOA
001 27190
007 ta
008 20040618b un ||||| |||| 00| 0 ukr d
090 _a1(075.8)
_bФ56
942 _cBK
040 _aUA-OsUOA
_bukr
_cUA-OsUOA
_dUA-OsUOA
245 _aФілософія: Короткий виклад
_bНавчальний посібник
_cРед. С.П.Щерба
300 _a352 с.
955 _a0
041 _aukr
080 _a1(075.8)
020 _a966-8251-07-5
260 _aКиїв
_bКондор
_c2003
044 _aUA
650 7 _2UDC
999 _c313532
_d313532